LIBRARY & INFORMATION CENTRE, KCAET, TAVANUR

ONLINE PUBLIC ACCESS CATALOGUE (OPAC)

Engineering materials / (Record no. 1647)

MARC details
000 -LEADER
fixed length control field 00411cam a2200169ua 4500
003 - CONTROL NUMBER IDENTIFIER
control field OSt
008 - FIXED-LENGTH DATA ELEMENTS--GENERAL INFORMATION
fixed length control field 260425b |||||||| |||| 00| 0 eng d
041 ## - LANGUAGE CODE
Language code of text/sound track or separate title eng
082 ## - DEWEY DECIMAL CLASSIFICATION NUMBER
Classification number 691
Item number SUS/EN
100 ## - MAIN ENTRY--AUTHOR NAME
Personal name Sushil kumar, .
245 ## - TITLE STATEMENT
Title Engineering materials /
250 ## - EDITION STATEMENT
Edition statement 2 /
260 ## - PUBLICATION, DISTRIBUTION, ETC. (IMPRINT)
Place of publication New Delhi :
Name of publisher Metropolitan book co.pvt Ltd ,
Year of publication 1980.
300 ## - PHYSICAL DESCRIPTION
Number of Pages 329 ; .
942 ## - ADDED ENTRY ELEMENTS (KOHA)
Koha item type Books
Holdings
Withdrawn status Lost status Damaged status Home library Current library Date acquired Cost, normal purchase price Full call number Accession Number Koha item type
      KAUAET KAUAET 07/04/2012 25.00 691 14384 Books
      KAUAET KAUAET 07/04/2012 25.00   14383 Books
free website counter